Nintendo ou pas Nintendo - Statistiques

Statistiques générales
  • Ce quiz a été pris 614 fois
    540 depuis la dernière actualisation
  • Le résultat moyen est 13 sur 15
Statistiques - réponses
Question Réponse % Correct
Jyit Non
100%
Mario Oui
100%
Toad Oui
100%
Captain phasma Non
98%
Link Oui
98%
Diddy kong Oui
98%
Kirby Oui
95%
Minecraft Non
93%
Pokémon Oui
93%
Myamoto Oui
78%
Sonic Non
73%
Pacman Non
68%
Jirachi Ou
68%
Splatoon Oui
59%
L’es mii Non
39%
Aucun quiz correspondant
Distribution des résultats
% des personnes avec chaque résultat
Percentile par nombre de réponses
Votre historique - résultats
Vous n’avez pas pris ce quiz depuis la dernière actualisation